Представление документа в формате RUSMARC

ПолеНазваниеЗначение
  Тип записи c
  Библиографический уровень m
001 Контрольный номер UONB/MAIN/5f776a80b77b4e0c9c48d99922ee3ded
005 Дата корректировки 20240130235130.4
100 Данные общей обработки __
a Данные общей обработки 20230828d2006 u y0rusy0189 ca
101 Язык документа 0_
a Язык текста rus
102 Страна публикации __
a Страна публикации RU
200 Заглавие и сведения об ответственности 1_
a Заглавие Гаммы и арпеджио для фортепиано
e Сведения, относящиеся к заглавию [для учащихся детских музыкальных школ]
e Сведения, относящиеся к заглавию в двух частях
210 Выходные данные 1_
a Место издания Москва
c Издательство Музыка
d Дата издания 2006 -
215 Физическое описание __
d Формат 29 см
686 Индексы других классификаций __
a Классификационный индекс 85
801 Источник записи _0
a Страна RU
b Организация Ульяновская ОНБ
c Дата составления 20230828
g Правила каталогизации RCR
801 Источник записи _1
a Страна RU
b Организация Ульяновская ОНБ
c Дата составления 20230828
g Правила каталогизации RCR
901 Тип документа __
t Тип документа v
909 Создатель записи __
a Создатель записи Никитина Т. А.